| 000 | 00561nam a22002177a 4500 | ||
|---|---|---|---|
| 003 | OSt | ||
| 005 | 20240212125446.0 | ||
| 008 | 240212b |||||||| |||| 00| 0 eng d | ||
| 020 | _a978--93-87034-47-1 | ||
| 040 | _cTrident | ||
| 082 |
_a170 _bGAU |
||
| 100 |
_aR R GAUR _945367 |
||
| 245 | _aA foundation course in HUMAN VALUES and professional ethics | ||
| 250 | _a2nd | ||
| 260 |
_aNew Delhi _bExcel Books _c2019 |
||
| 300 | _aXXIII;348 | ||
| 500 | _aQuantity-72 | ||
| 650 | _aEnglish | ||
| 700 |
_aR Asthana, G P Bagaria _945368 |
||
| 942 |
_2ddc _cBK _n0 |
||
| 999 |
_c61103 _d61103 |
||